00613cam a22002171 450000100060000000300080000600500170001400800390003103500190007003500180008904000290010704100080013608200210014410000230016524500600018826000390024830000440028750000200033150400280035165000160037916949BD-RjUL20211209000053.0140215s1958 ii af b 001 0 eng a(BD-RjUL)17005 a(OCoLC)511499 aDLCcODaWUdBD-RjULbeng aeng00a709.54bIYI 19581 aIyer, K. Bharatha.10aIndian art :ba short introduction /cK. Bharatha Iyer. aBombay :bAsia Pub. House,cc1958. axvi, 87 p. :billus., plates. ;c25 cm. aIncludes index. aBibliography: p. 79-80. 0aArt, Indic.